00889nam a2200205 a 450000100100000000500170001000800410002702000150006804000250008308200150010810000300012324501950015326000950034830000270044349000340047050000740050450400310057870000400060983000340064900004156820201002035638.0131011s1993 sp 000 0 spa d a8400073223 aDO-SdBNPbspacBNPHU axxxbG216L1 aGarcía Guerra, Delfín10aLepra asturiensis :bla contribución asturiana en la historia de la Pelagra (siglos XVIII Y XIX) /cDelfín García Guerra, Victor Alvarez Antuña ; prólogo Francisco Grande Covián. aMadrid :bUniversidad de Oviedo, Consejo Superior de Investigaciones Científicas,c1993. axxxi, 342 p. ;c22 cm.1 aEstudios sobre la cienciav19 aIncluye referencias bibliográficas y notas al pie de las páginas. aBibliografía: p. 329-34212aGrande Covián, Franciscoepról. 0aEstudios sobre la ciencian19